Don Joaquín Jiménez de Anta comisario honorario del Cuerpo General de Policía
Publicado:
San Jorge, núm. 86 - 87 (2n i 3r trimestre 1972), pàg 133 :
Materias:
Jiménez de Anta, Joaquín
MARC
| LEADER | 00000nam a2200000Ia 4500 | ||
|---|---|---|---|
| 001 | |||
| 008 | 160829s9999 xx 000 0 cat d | ||
| 245 | |a Don Joaquín Jiménez de Anta comisario honorario del Cuerpo General de Policía | ||
| 260 | |a San Jorge, núm. 86 - 87 (2n i 3r trimestre 1972), pàg 133 | ||
| 650 | |a Jiménez de Anta, Joaquín |9 24767 | ||
| 901 | |a Arxiu | ||
| 942 | |n 1 | ||
| 952 | |0 0 |1 0 |4 0 |7 1 |9 47442 |a Arxiu |b Arxiu |d 2016-12-01 |l 0 |r 2016-12-01 00:00:00 |w 2016-12-01 |y ARXIU | ||
| 999 | |c 51240 |d 51240 | ||